• 首页
  • 本馆介绍
  • 公告通知
  • 最新文献
  • 馆藏检索
  • 电子资源
  • 读者导购
  • 参考咨询
  • 我的图书馆
  • 登录
  • 详细信息显示
  • 放入我的书架
  • 预约/预借图书
  • 作者相关作品
  • 分类相关作品
  • 丛书相关作品
  • 出版社相关作品

书目信息

  • 表格格式
  • 工作单格式
  • 卡片格式
题名:
旅游服务礼仪
    
 
作者: 薛建红 主编
分册:  
出版信息: 郑州   郑州大学出版社  2006
页数: 246页
开本: 24cm
丛书名:
单 册:
中图分类: F590.63
科图分类:
主题词: 旅游服务--礼仪--高等学校--教材 , 旅游服务 , 礼仪
电子资源:
ISBN: 7-81106-287-9
000 00867nam0 2200265 450
001 012007762553
005 20070530095108.17
010    @a7-81106-287-9@dCNY25.00
100    @a20070526d2006 km y0chiy0120 ea
101 0  @achi
102    @aCN@b410000
105    @ay z 000yy
106    @ar
200 1  @a旅游服务礼仪@Alu you fu wu li yi@f薛建红主编@Fxue jian hong zhu bian
210    @a郑州@c郑州大学出版社@d2006
215    @a246页@d24cm
300    @a高等教育旅游管理专业“十一五”规划教材
330    @a本书分上下两编,共11章,上编公共礼仪,介绍了礼仪的起源与发展、仪容礼仪、仪态礼仪、着装礼仪、会面礼仪等内容;下编是旅游从业人员专业礼仪等。
606 0  @a旅游服务@x礼仪@x高等学校@j教材
606 0  @a旅游服务
606 0  @a礼仪
690    @aF590.63@v4
701  0 @a薛建红@Axue jian hong@4主编
801  0 @aCN@bRULIN@c20070530
905    @dF590.63@e136@s8
    
    旅游服务礼仪/薛建红主编.-郑州:郑州大学出版社,2006
    246页;24cm
    高等教育旅游管理专业“十一五”规划教材
    
    ISBN 7-81106-287-9:CNY25.00
    本书分上下两编,共11章,上编公共礼仪,介绍了礼仪的起源与发展、仪容礼仪、仪态礼仪、着装礼仪、会面礼仪等内容;下编是旅游从业人员专业礼仪等。
●
相关链接 在E读中查询图书 在五车中查询图书 在当当中查询图书 在豆瓣中查询图书


正题名:旅游服务礼仪     索取号:F590.63/136         预约/预借

序号 登录号 条形码 馆藏地/架位号 状态 备注
1 0581487   205814877   第一样本阅览室/ [索取号:F590.63/136] 在馆    
2 0581488   205814886   第一借阅区/ [索取号:F590.63/136] 在馆    
3 0581489   205814895   第一借阅区/ [索取号:F590.63/136] 在馆    
4 0581490   205814902   密集书库/ [索取号:F590.63/136] 在馆    
5 0581491   205814911   第一借阅区/ [索取号:F590.63/136] 在馆    
6 0581492   205814920   密集书库/ [索取号:F590.63/136] 在馆    
7 0581493   205814939   密集书库/ [索取号:F590.63/136] 在馆    
8 0581494   205814948   第一借阅区/ [索取号:F590.63/136] 在馆    
欢迎您!
大连网信软件有限公司© 版权所有